| 000 | 00841nam a2200205 4500 | ||
|---|---|---|---|
| 001 | 768714001 | ||
| 003 | CO-MdFUSB | ||
| 005 | 20230525102224.0 | ||
| 008 | 230525s1982 us ||||| |||| 00| 0 eng d | ||
| 040 |
_bspa _aCO-MdFUSB _cCO-MdFUSB _dCO-MdFUSB |
||
| 041 | _aeng | ||
| 100 |
_aGriffin, Emory A. _eautor |
||
| 245 |
_aInfluencing others to pray _c/ Em Griffin |
||
| 300 |
_aVolumen 3, número 1 (Winter 1982), páginas 40 - 46 _c; 27 cm |
||
| 520 | _a¿Cómo podemos ayudar a otros a convertirse en oradores? El autor comparte cómo tres personas lo persuadieron para que llevara una vida devocional más profunda. | ||
| 546 | _aTexto en Inglés | ||
| 650 | 0 |
_919 _aVida cristiana |
|
| 773 | 0 |
_068780 _981982 _oR2471 _tLeadership : _w(CO-MdFUSB)768714001 _gVolumen 3, número 1 (Winter 1982), páginas 40 - 46 _qpágina 40 |
|
| 942 | _cANA | ||
| 999 |
_c68902 _d68902 |
||